000 01082nam a2200337Ia 4500
001 dia_7806
003 CHAP
005 20251021154051.0
008 220117s2017 xx 000 0 und d
010 _a179285
020 _a978-958-771-468-5
040 _cCHAP
082 _a658.404 M49 2017
100 _aMeza Orozco, Jhonny de Jesús
_9163534
245 _aEvaluación financiera de proyectos /
_c Jhonny de Jesús Meza Orozco
250 _a4a ed.
260 _aColombia :
_b Ecoe Ediciones,
_c2017
300 _axvi, 392 p.
440 _aCiencias empresariales.
_pContabilidad y finanzas.
_9163535
503 _aC.
504 _aBibliografía: p.[393]
590 _aHG4028.C4 M49 2017
650 _aEconomic investment
_9163536
650 _aIndustrial organization (Economic theory)
_9163537
650 _aInversion económica
_9163538
650 _aOrganización industrial (Teoría económica)
_9163539
901 _a658.404 M49 2017
902 _aA
905 _a5232272017 ck an 8222223322spa16
942 _cLIBRO
_2ddc
999 _c179285
_d179285